| 000 | 01047ngm a22002770a 4500 | ||
|---|---|---|---|
| 001 | PT25646 | ||
| 003 | AR-LpoUNG | ||
| 005 | 20210202000356.0 | ||
| 007 | vd cvaizq | ||
| 008 | 191001s1940||||ag |||||||||||||||||eng d | ||
| 040 |
_aAR-LpoUNG _bspa _cAR-LpoUNG _eaacr |
||
| 041 | _aeng | ||
| 082 | 0 | _a320.533 464gra | |
| 100 | 1 |
_aChaplin, Charles _edir. |
|
| 245 | 1 | 3 | _aEl gran dictador = The great dictador |
| 260 |
_as.l. : _bs.n., _c[1940]. |
||
| 300 | _aDVD (124 min.) : son., byn | ||
| 505 | 0 | _aDiálogos en inglés, subtítulos en castellano | |
| 520 | _aSegunda película antinazi de Hollywood, realizada por Chaplin sorteando la resistencia de diversos intereses. "...voy a proyectarla aunque tenga que comprarme o mandarme construir un cine para ello y aunque el único espectador sea yo". La película fue prohibida en algunos estados norteamericanos, así como en casi toda Europa y Argentina. | ||
| 651 | 4 | _aMundial | |
| 653 | _aCINE Y TOTALITARISMO | ||
| 653 | _aDVD | ||
| 653 | _aVIDEOS | ||
| 905 | _a25646 | ||
| 942 | _cDVD | ||
| 999 |
_c54744 _d54744 |
||